| 000 | 00478nam a2200145Ia 4500 | ||
|---|---|---|---|
| 008 | 100122s9999 xx 000 0 und d | ||
| 082 |
_b1073 _a823 |
||
| 100 | _aWHITE ETHEL LINA | ||
| 245 | _aMIDNIGHT HOUSE ---------- (वाळवी लागली ) | ||
| 260 |
_bTHE CRIME CLUB _c1924 |
||
| 300 | _a148 | ||
| 630 | _aMIDNIGHT HOUSE ---------- (वाळवी लागली ) | ||
| 730 | _aMIDNIGHT HOUSE ---------- (वाळवी लागली ) | ||
| 942 | _cBOOK | ||
| 999 |
_c442684 _d442681 |
||